书目信息 |
| 题名: |
经词衍释
|
|
| 作者: | 吴昌莹 著 | |
| 分册: | ||
| 出版信息: | 北京 中华书局 1956.10 |
|
| 页数: | 214页 | |
| 开本: | 19cm | |
| 丛书名: | ||
| 单 册: | ||
| 中图分类: | H131.7 | |
| 科图分类: | ||
| 主题词: | 汉语--词汇 , 汉语--语义 , 汉语--语义学 , 训诂 | |
| 电子资源: | ||
| ISBN: | ||
| 000 | 00586nam0 2200229 45 | |
| 001 | 0404201077 | |
| 005 | 20060816083931.73 | |
| 010 | @dCNY0.85 | |
| 091 | @a9018.10 | |
| 100 | @a20040420d1956 km y0chiy0120 ea | |
| 101 | 0 | @achi |
| 200 | 1 | @a经词衍释@AJing Ci Yan Shi@f(清)吴昌莹著@F(Qing)Wu Chang Ying Zhu |
| 210 | @a北京@c中华书局@d1956.10 | |
| 215 | @a214页@d19cm | |
| 606 | 0 | @a汉语@x词汇 |
| 606 | 0 | @a汉语@x语义 |
| 606 | 0 | @a汉语@x语义学 |
| 606 | 0 | @a训诂 |
| 690 | @aH131.7@v3 | |
| 701 | 0 | @a吴昌莹@4著 |
| 801 | @aCN@bPftUser@c20060816 | |
| 905 | @dH131.7@e124@f4@b97065-068 | |
| 经词衍释/(清)吴昌莹著.-北京:中华书局,1956.10 |
| 214页;19cm |
| ISBN :CNY0.85 |
| ● |
| 相关链接 |
|
|
|
|
正题名:经词衍释
索取号:H131.7/124
 
预约/预借
| 序号 | 登录号 | 条形码 | 馆藏地/架位号 | 状态 | 备注 |
| 1 | 0097065 | 000913890 | 第四借阅区/ [索取号:H131.7/124] | 在馆 | |
| 2 | 0097066 | 000913872 | 第四借阅区/ [索取号:H131.7/124] | 在馆 | |
| 3 | 0097067 | 000913881 | 第四借阅区/ [索取号:H131.7/124] | 在馆 | |
| 4 | 0097068 | 000913863 | 第四借阅区/ [索取号:H131.7/124] | 在馆 | |
| 5 | 0097069 | 000913854 | 密集书库/ [索取号:H131.7/124] | 在馆 | |
| 6 | 0177489 | 000836830 | 密集书库/ [索取号:H131.7/124] | 在馆 | |
| 7 | 0177490 | 000836876 | 第四借阅区/ [索取号:H131.7/124] | 在馆 | |
| 8 | 0177491 | 000836821 | 密集书库/ [索取号:H131.7/124] | 在馆 | |
| 9 | 0177492 | 000836867 | 密集书库/ [索取号:H131.7/124] | 在馆 | |
| 10 | 0177493 | 000836894 | 第二样本阅览室/ [索取号:H131.7/124] | 在馆 | |
| 11 | 0462893 | 204628938 | 密集书库/ [索取号:H131.7/124] | 在馆 | |
| 12 | 0462894 | 204628947 | 密集书库/ [索取号:H131.7/124] | 在馆 | |
| 13 | 0463025 | 204630257 | 密集书库/ [索取号:H131.7/124] | 在馆 |